000 00594nam a2200193Ia 4500
008 131103s9999 xx 000 0 und d
040 _aLoreto College
041 _aEnglish
082 _aP
_b#NAME?
100 _aPater,Walter
245 4 _aThe Renaissance
_b studies in art and poetry
_cWalter Pater; introduction and note by Kenneth Clark
260 _a[s.l.]
_bFontana
_c1961
300 _a224 p.
_b 24 illus.
_c 17 cm.
440 _aFontana Classics Of History And Art
504 _aEnglish Poetry - History and Criticism
700 _aClark,Kenneth
850 _aLCLIB
942 _cBK
999 _c13403
_d63882